| 000 | 00575nam a22001937a 4500 | ||
|---|---|---|---|
| 003 | OSt | ||
| 005 | 20130426105017.0 | ||
| 008 | 130426s1985 sp ||||| |||| 00| 0 spa d | ||
| 020 | _a8439843836 | ||
| 040 | _cCDMR | ||
| 245 | 0 | 0 | _aInformar de economía |
| 260 |
_aMadrid _bAgrupación de Periodistas de Información Económica |
||
| 260 |
_bBanco Santander _c1985 |
||
| 300 | _a438 p. | ||
| 650 | 0 | 4 |
_9262 _aPremsa econòmica |
| 650 | 0 | 4 |
_92030 _aPeriodisme _xOrientació professional |
| 710 | 2 |
_92702 _aAsociación de Periodistas de Información Económica |
|
| 942 |
_2udc _cMON |
||
| 999 |
_c6148 _d6148 |
||